Normal view
MARC view
- Parés, Nuria,
Entry Nombre Personal
001 - NUMERO DE CONTROL
- campo de control: 47283
003 - IDENTIFICADOR DE NUMERO DE CONTROL
- campo de control: DLC
005 - FECHA Y HORA DE LA ÜLTIMA TRANSACCIÓN
- campo de control: 20221123105507.0
008 - DATOS DE LONGITUD FIJA
- campo de control de longitud fija: 221123n| acannaabn |n aaa
010 ## - NÚMERO DE CONTROL DE LA BIBLIOTECA DEL CONGRESO
- Número de control LC: n 94003981
035 ## - NUMERO DE CONTROL
- Número de control: (OCoLC)oca03529027
040 ## - FUENTE DE CATALOGACIÓN
- Agencia original de catalogación: DLC
- Lenguaje de catalogación: spa
- Agencia de transcripción: DLC
- Agencia que lo modifica: DLC
- Agencia que lo modifica: OCoLC
- Agencia que lo modifica: MX-MxUPN
046 ## - FECHAS CON CODIFICACIÓN ESPECIAL
- Fecha de nacimiento: 1925
053 #0 - NÚMERO DE CLASIFICACIÓN LC
- Número de clasificación elemento-número único o número inicial de tramo: PQ7298.26.A683
100 1# - ENCABEZAMIENTO - NOMBRE PERSONAL
- Nombre personal: Parés, Nuria,
- Fechas asociadas con el nombre: 1925-
370 ## - LUGAR ASOCIADO
- Place of birth: Barcelona
670 ## - FUENTE EN LA QUE SE LOCALIZARON DATOS
- Cita de la fuente: Author's Colofón de luz, 1987:
- Información localizada: portada (Nuria Parés) página 4 de la cubierta (n. 1925 in Barcelona)
902 ## - CATALOGADOR
- Catalogador: NDAF/231122
